| 000 | 00529nam a22001697a 4500 | ||
|---|---|---|---|
| 003 | OSt | ||
| 005 | 20220107122807.0 | ||
| 008 | 151125b xxu||||| |||| 00| 0 eng d | ||
| 040 | _c | ||
| 100 |
_aRetsy Ann Roy (93514011) _98135 |
||
| 245 | _aLocation based information prediction in deep sea communication | ||
| 500 | _aMini Project Report, Mphill CS | ||
| 502 |
_bMphill. Computer Science _c2014-2015 _dINT _eElizabeth Sherly |
||
| 650 |
_aCOMPUTING METHODOLOGIES _98136 |
||
| 650 |
_aMACHINE LEARNING _98137 |
||
| 942 |
_2ddc _cPR |
||
| 999 |
_c4896 _d4896 |
||